000 00622nam a2200241Ia 4500
003 OSt
005 20230522111930.0
008 210423s2013 xx 000 0 und d
020 _a978-0-07-061987-6
040 _cAL
041 _aeng
082 _a515.7 RUDR
_223
100 _aRUDIN (Walter).
_9110102
245 _aReal and complex analysis Ed 3
250 _a3
260 _aNew Delhi
_bTata McGraw-hill
_c2013
300 _axiv,416
_bPB
365 _b350
_cINR
650 _aFunctional Analysis
_9110103
650 _aMathematics
_9110104
906 _a3 ; analysis ; complex ; Ed ; Real
942 _2ddc
_cBK
999 _c165235
_d165235